Langfristige Finanzentscheidungen - Ursachen von Kursbewegungen und Einflusse auf die Allokationseffektivität

Salvato in:
Dettagli Bibliografici
Autore principale: Markovič, Peter, 1974-
Altri autori: Wurster, Marc
Natura: Capitolo di libro
Lingua:tedesco
Soggetti:
Tags: Aggiungi Tag
Nessun Tag, puoi essere il primo ad aggiungerne!!

MARC

LEADER 00000naa$a2200000$$$4500
001 0182781
005 20240502073127.4
041 0 |a ger 
044 |a SK 
245 1 0 |a Langfristige Finanzentscheidungen - Ursachen von Kursbewegungen und Einflusse auf die Allokationseffektivität  |c Peter Markovič, Marc Wurster 
610 2 0 |a kapitál 
610 2 0 |a akcie 
610 2 0 |a rozhodovanie finančné 
610 2 0 |a kurz burzový 
610 2 0 |a efektívnosť 
100 1 |a Markovič, Peter, 1974- 
700 1 |a Wurster, Marc